LEADER 00918nam0-22003011i-450- 001 990003081630403321 035 $a000308163 035 $aFED01000308163 035 $a(Aleph)000308163FED01 035 $a000308163 100 $a20000920d--------km-y0itay50------ba 101 0 $aita 102 $aIT 200 1 $aForecast Uncertainties in Macroeconometric Modelling$eAn Application to the UK Economy$fA. Garratt...[et al.] 225 1 $aDAE Working Paper$fDepartment of Applied Economics, University of Cambridge Serie azzurra$v2000.04 610 0 $aPrevisioni$aGran Bretagna 676 $aB/3.2 676 $aF/1.402 676 $aF/2.5 702 1$aGarratt,$bAnthony 801 0$aIT$bUNINA$gRICA$2UNIMARC 901 $aBK 912 $a990003081630403321 952 $aPaper$fSES 959 $aSES 996 $aForecast Uncertainties in Macroeconometric Modelling$9460116 997 $aUNINA DB $aING01 LEADER 01107nam0-22003971i-450- 001 990001205080403321 005 20130502184639.0 010 $a0-273-00105-1 035 $a000120508 035 $aFED01000120508 035 $a(Aleph)000120508FED01 035 $a000120508 100 $a20130502d1975----km-y0itay50------ba 101 0 $aeng 102 $aGB 105 $ay-------001yy 200 1 $aImproperly posed boundary value problems$feditors A. Carasso & A.P. Stone 210 $aLondon [etc.]$cPitman$d1975 215 $aIV, 157 p.$d24 cm 225 1 $aResearch notes in mathematics$v1 300 $aThis collection of papers is decated to Fritz John 610 0 $aProblemi inversi 676 $a515.353 702 1$aCarasso,$bAlfred 702 1$aStone,$bAlex P. 801 0$aIT$bUNINA$gRICA$2UNIMARC 901 $aBK 912 $a990001205080403321 952 $aC-2-(1$b17339$fMA1 952 $a02 31 E 15$b2240$fFINBN 959 $aMA1 959 $aFINBN 962 $a35R25 962 $a35R30 996 $aImproperly posed boundary value problems$955264 997 $aUNINA LEADER 01543nam 2200421Ia 450 001 996385078803316 005 20200824132441.0 035 $a(CKB)4940000000073419 035 $a(EEBO)2240872558 035 $a(OCoLC)ocm11734045e 035 $a(OCoLC)11734045 035 $a(EXLCZ)994940000000073419 100 $a19850225d1676 uy | 101 0 $aeng 135 $aurbn||||a|bb| 200 10$aDe non temerandis ecclesiis$b[electronic resource] =$eChvrches not to be violated : a tract of the rights and respects due unto churches : written to a gentleman, who having an appropriate parsonage, imployed the church to prophane uses, and left the parishoners uncertainly provided of divine service in a parish there adjoyning /$fwritten by Sir Henry Spelman .. 205 $a5th ed. 210 $aOxford $cPrinted by H. Hall for Amos Curteyn$d1676 215 $a[14], 128 p 300 $a"To the reader" signed: Clem. Spelman. 300 $aReproduction of original in Cambridge University Library. 330 $aeebo-0021 606 $aChurch polity 606 $aChurch property$zEngland 606 $aSecularization 615 0$aChurch polity. 615 0$aChurch property 615 0$aSecularization. 700 $aSpelman$b Henry$cSir,$f1564?-1641.$01002110 701 $aSpelman$b Clement$f1598-1679.$01003038 801 0$bEAA 801 1$bEAA 801 2$bm/c 801 2$bWaOLN 906 $aBOOK 912 $a996385078803316 996 $aDe non temerandis ecclesiis$92350551 997 $aUNISA